| 000 | 02289nab a2200301 i 4500 | ||
|---|---|---|---|
| 003 | BR-BrBNA | ||
| 005 | 20250806110202.0 | ||
| 008 | 250806b2020 bl.ar|pooa||| 00| 0 por | | ||
| 040 |
_aBR-BrBNA _bpor |
||
| 072 | _aF70 | ||
| 100 | _aAraújo, Adriane Maciel de | ||
| 100 | _aLiberato, Maria Astrid Rocha | ||
| 100 | _aAmorim, Bruno Sampaio | ||
| 100 | _aCabral, Fernanda Nunes | ||
| 100 | _aRezende, Cleiton Fantin | ||
| 100 | _aCardozo, Nállarett Marina Dávila | ||
| 245 | _aFlora da Reserva Ducke, Amazonas, Brasil: Vitaceae | ||
| 500 | _aPublicação on-line; 11 ref.; 1 illus.; Summaries (En, Pt) | ||
| 520 | _a Resumo Este estudo apresenta o tratamento florístico das espécies de Vitaceae que ocorrem na Reserva Florestal Adolpho Ducke, Amazonas, Brasil. Coletas provenientes da Reserva Ducke foram analisadas a partir de exsicatas depositadas no herbário INPA. Foram registradas duas espécies do gênero Cissus para a reserva, Cissus erosa e C. verticillata subsp. verticillata. Apresentamos descrições das espécies, comentários taxonômicos, ilustrações, informação sobre hábitat, distribuição geográfica e uma chave de identificação para as espécies. Palavras-chave: Amazônia, Cissus, florística, taxonomia. Abstract This study presents the floristic treatment for the species of Vitaceae occurring in the Reserva Florestal Adolpho Ducke, Amazonas, Brazil. Collections from the Reserva Ducke were analyzed from specimens deposited at the INPA herbarium. Two species of the genus Cissus were recorded, Cissus erosa and C. verticillata subsp. verticillata. We present species descriptions, taxonomic comments, illustrations, habitat information, geographic distribution, and an identification key for the species. Key words: Amazon, Cissus, floristics, taxonomy. | ||
| 650 | _aAMAZÔNIA | ||
| 650 | _aCOMPOSIÇÃO BOTÂNICA | ||
| 650 | _aTAXONOMIA | ||
| 650 | _aVITIDACEAE | ||
| 773 | 0 |
_0709 _9353216 _dRio de Janeiro-RJ Jardim Botanico do Rio de Janeiro 1935 _o2025-4473 _tRodriguésia (Brazil) _x0370-6583; 2175-7860 on-line _gv. 71 p. 1-5; (2020) _wBR2025003245 |
|
| 856 | _uhttps://www.scielo.br/j/rod/a/ybzg76KJ9mkd8LPbW8yhWQJ/?format=pdf&lang=pt | ||
| 942 | _cANA | ||
| 999 |
_c337480 _d337480 |
||